Arbiter in council (Record no. 232291)
[ view plain ]
| 000 -LEADER | |
|---|---|
| fixed length control field | 00529nam a22001937a 4500 |
| 005 - DATE AND TIME OF LATEST TRANSACTION | |
| control field | 20241209094223.0 |
| 008 - FIXED-LENGTH DATA ELEMENTS--GENERAL INFORMATION | |
| fixed length control field | 241209b ||||| |||| 00| 0 eng d |
| 020 ## - INTERNATIONAL STANDARD BOOK NUMBER | |
| International Standard Book Number | 9789391155995 |
| 040 ## - CATALOGING SOURCE | |
| Transcribing agency | AL |
| 041 ## - LANGUAGE CODE | |
| Language code of text/sound track or separate title | eng |
| 082 ## - DEWEY DECIMAL CLASSIFICATION NUMBER | |
| Edition number | 23 |
| Classification number | 340.1 |
| Item number | HIRA |
| 100 ## - MAIN ENTRY--PERSONAL NAME | |
| Personal name | Francis Wrigley Hirst |
| 9 (RLIN) | 188699 |
| 245 ## - TITLE STATEMENT | |
| Title | Arbiter in council |
| 260 ## - PUBLICATION, DISTRIBUTION, ETC. | |
| Place of publication, distribution, etc. | Macmillan |
| Name of publisher, distributor, etc. | MPP House |
| Date of publication, distribution, etc. | 2024 |
| 300 ## - PHYSICAL DESCRIPTION | |
| Extent | vi,567p |
| Other physical details | HB |
| Dimensions | 21x13cm. |
| 365 ## - TRADE PRICE | |
| Source of price type code | General |
| Price type code | 1060 |
| Price amount | ₹945.35 |
| Currency code | ₹ |
| Unit of pricing | ₹1295.00 |
| Price note | 27% |
| Price effective from | 28/11/2024 |
| 650 ## - SUBJECT ADDED ENTRY--TOPICAL TERM | |
| Topical term or geographic name entry element | Law |
| 9 (RLIN) | 188700 |
| 942 ## - ADDED ENTRY ELEMENTS (KOHA) | |
| Source of classification or shelving scheme | Dewey Decimal Classification |
| Koha item type | Book |
| Withdrawn status | Lost status | Source of classification or shelving scheme | Damaged status | Not for loan | Collection code | Home library | Current library | Date acquired | Source of acquisition | Cost, normal purchase price | Total Checkouts | Full call number | Barcode | Date last seen | Cost, replacement price | Price effective from | Koha item type |
|---|---|---|---|---|---|---|---|---|---|---|---|---|---|---|---|---|---|
| Dewey Decimal Classification | Law | St Aloysius Law Library | St Aloysius Law Library | 12/05/2024 | MPP House Law Books Publishers Bengaluru-560009 | 945.35 | 340.1 HIRA | LL001020 | 12/09/2024 | 1295.00 | 12/09/2024 | Book | |||||
| Dewey Decimal Classification | Law | St Aloysius Law Library | St Aloysius Law Library | 12/05/2024 | MPP House Law Books Publishers Bengaluru-560009 | 945.35 | 340.1 HIRA | LL001021 | 12/09/2024 | 1295.00 | 12/09/2024 | Book | |||||
| Dewey Decimal Classification | Law | St Aloysius Law Library | St Aloysius Law Library | 12/05/2024 | MPP House Law Books Publishers Bengaluru-560009 | 945.35 | 340.1 HIRA | LL001022 | 12/09/2024 | 1295.00 | 12/09/2024 | Book | |||||
| Dewey Decimal Classification | Law | St Aloysius Law Library | St Aloysius Law Library | 12/05/2024 | MPP House Law Books Publishers Bengaluru-560009 | 945.35 | 340.1 HIRA | LL001023 | 12/09/2024 | 1295.00 | 12/09/2024 | Book | |||||
| Dewey Decimal Classification | Law | St Aloysius Law Library | St Aloysius Law Library | 12/05/2024 | MPP House Law Books Publishers Bengaluru-560009 | 945.35 | 340.1 HIRA | LL001024 | 12/09/2024 | 1295.00 | 12/09/2024 | Book |